[Event "BCF-ch Soanes U1750 op"]
[Site "Hull"]
[Date "2024.07.27"]
[Round "2"]
[White "Stothard, David E"]
[Black "Eccleston, Bryony"]
[Result "1/2-1/2"]
[WhiteElo "1699"]
[BlackElo "1613"]
[PlyCount "46"]
[EventDate "2024.07.26"]
[EventType "swiss"]
[EventRounds "5"]
[EventCountry "ENG"]
[SourceTitle "CBM 221 Extra"]
[Source "ChessBase"]
[SourceDate "2024.09.30"]
[SourceVersion "1"]
[SourceVersionDate "2024.09.30"]
[SourceQuality "1"]

1. d4 Nf6 2. c4 e5 3. Bg5 h6 4. Bh4 g5 5. Bg3 exd4 6. Qxd4 d6 7. Nc3 Bg7 8. Qe3+ Be6 9. 0-0-0 Nc6 10. Nd5 Ng4 11. Qb3 Na5 12. Qa4+ c6 13. Nc3 Nxc4 14. Qb4 Qf6 15. e3 Ncxe3 16. fxe3 Nxe3 17. Be2 Nxd1 18. Bxd1 0-0-0 19. Ne4 Qf1 20. Nxd6+ Rxd6 21. Qxd6 Qc4+ 22. Bc2 Qf1+ 23. Bd1 Qc4+ 1/2-1/2

[Event "BCF-ch Soanes U1750 op"]
[Site "Hull"]
[Date "2024.07.27"]
[Round "3"]
[White "Stothard, David E"]
[Black "Oliver, Bruce R"]
[Result "1/2-1/2"]
[WhiteElo "1699"]
[BlackElo "1628"]
[PlyCount "79"]
[EventDate "2024.07.26"]
[EventType "swiss"]
[EventRounds "5"]
[EventCountry "ENG"]
[SourceTitle "CBM 221 Extra"]
[Source "ChessBase"]
[SourceDate "2024.09.30"]
[SourceVersion "1"]
[SourceVersionDate "2024.09.30"]
[SourceQuality "1"]

1. d4 g6 2. c4 Bg7 3. Nc3 e6 4. Bf4 Ne7 5. Nf3 a6 6. e3 b6 7. Be2 Bb7 8. Rc1 d6 9. h4 h6 10. 0-0 Nd7 11. e4 e5 12. dxe5 Nxe5 13. Nxe5 dxe5 14. Be3 0-0 15. Qxd8 Raxd8 16. Rfd1 Nc6 17. Nd5 Nd4 18. Bxd4 exd4 19. Bd3 Rd7 20. c5 Bxd5 21. exd5 Rxd5 22. cxb6 cxb6 23. Bxa6 Ra5 24. Bc4 Rc5 25. b4 Rc7 26. Ba6 Rc3 27. Rxc3 dxc3 28. Rc1 Rd8 29. Bc4 Rd2 30. Bb3 Bd4 31. Rc2 Bxf2+ 32. Kf1 Rxc2 33. Bxc2 Bxh4 34. a4 Be7 35. a5 bxa5 36. bxa5 Bc5 37. Ke2 Kg7 38. Kd3 f5 39. Kxc3 Kf6 40. Kc4 1/2-1/2

[Event "Hull 4NCL op-B"]
[Site "Hull"]
[Date "2023.09.09"]
[Round "3"]
[White "Stothard, David E"]
[Black "Georgiou, Denis"]
[Result "1-0"]
[WhiteElo "1577"]
[BlackElo "1825"]
[PlyCount "71"]
[EventDate "2023.09.08"]
[EventType "swiss"]
[EventRounds "5"]
[EventCountry "ENG"]
[SourceTitle "CBM 216 Extra"]
[Source "ChessBase"]
[SourceDate "2023.11.30"]
[SourceVersion "1"]
[SourceVersionDate "2023.11.30"]
[SourceQuality "1"]

1. e4 c5 2. c3 Nf6 3. e5 Nd5 4. d4 cxd4 5. cxd4 e6 6. Bc4 d6 7. Nf3 Nc6 8. 0-0 Nb6 9. Bb3 dxe5 10. dxe5 Qc7 11. Qc2 Bd7 12. Bg5 Rc8 13. Qe2 h6 14. Bf4 a6 15. Rc1 Qb8 16. Nbd2 Na5 17. Ne4 Nxb3 18. Rxc8+ Qxc8 19. axb3 Nd5 20. Rc1 Qb8 21. Be3 Bb5 22. Qd2 Bb4 23. Qd4 Be7 24. Nd6+ Bxd6 25. exd6 0-0 26. Bf4 Bc6 27. Bg3 f6 28. Qc5 e5 29. Rd1 Nf4 30. Bxf4 Bxf3 31. gxf3 exf4 32. Qd5+ Kh8 33. d7 Rd8 34. Re1 b5 35. Re7 Rg8 36. Qxg8+ 1-0

[Event "Hull 4NCL op-B"]
[Site "Hull"]
[Date "2023.09.08"]
[Round "1"]
[White "Figueroa, Edison"]
[Black "Stothard, David E"]
[Result "1-0"]
[WhiteElo "1730"]
[BlackElo "1577"]
[PlyCount "153"]
[EventDate "2023.09.08"]
[EventType "swiss"]
[EventRounds "5"]
[EventCountry "ENG"]
[SourceTitle "CBM 216 Extra"]
[Source "ChessBase"]
[SourceDate "2023.11.30"]
[SourceVersion "1"]
[SourceVersionDate "2023.11.30"]
[SourceQuality "1"]

1. e4 e5 2. Nf3 Nc6 3. d4 exd4 4. Bc4 Nf6 5. e5 d5 6. exf6 dxc4 7. fxg7 Qe7+ 8. Kf1 Bxg7 9. Bg5 Bf6 10. Qd2 Bg4 11. Na3 0-0-0 12. Re1 Bxg5 13. Nxg5 Qf6 14. Nxc4 Rde8 15. Ne4 Qg6 16. f3 Bf5 17. Qf4 Be6 18. Ncd2 Bd5 19. a3 f5 20. Ng3 Rxe1+ 21. Kxe1 Be6 22. Kf2 Rf8 23. Nde4 Rd8 24. Nc5 d3 25. Nxe6 Qxe6 26. Qxf5 Qxf5 27. Nxf5 dxc2 28. Ke2 Rd5 29. g4 Kd7 30. Rc1 Ke6 31. Rxc2 Kf6 32. Kf2 h5 33. Kg3 hxg4 34. fxg4 Rd7 35. Rf2 Ne5 36. Nd6+ Kg6 37. Nxb7 Rd3+ 38. Kg2 Nxg4 39. Re2 Rb3 40. Nc5 Re3 41. Rxe3 Nxe3+ 42. Kf3 Nc4 43. Nd3 Kg5 44. Ke4 Kh4 45. Kd5 Nb6+ 46. Kc6 Kh3 47. Kxc7 Kxh2 48. Kb7 Kg3 49. Kxa7 Nc4 50. a4 Kf3 51. b3 Nd6 52. Kb6 Ke4 53. Nc5+ Kd5 54. Nb7 Nc8+ 55. Kc7 Na7 56. Na5 Kc5 57. Kb7 Nb5 58. axb5 Kxb5 59. Nc4 Kb4 60. Nd2 Kb5 61. Kc7 Kc5 62. Kd7 Kd5 63. Ke7 Kc5 64. Ke6 Kc6 65. Ne4 Kb5 66. Kd5 Kb4 67. Nd2 Kb5 68. Ne4 Kb4 69. Nc5 Kb5 70. Nd3 Kb6 71. Kc4 Kc6 72. b4 Kb6 73. b5 Kb7 74. Kc5 Kc7 75. b6+ Kb7 76. Ne5 Kb8 77. Kc6 1-0

[Event "BCF-ch Week2 PM op"]
[Site "Coventry"]
[Date "2015.08.07"]
[Round "5"]
[White "Stothard, David E"]
[Black "Watson, Dave"]
[Result "1/2-1/2"]
[WhiteElo "1862"]
[BlackElo "1435"]
[PlyCount "66"]
[EventDate "2015.08.03"]
[EventType "swiss"]
[EventRounds "5"]
[EventCountry "ENG"]
[SourceTitle "CBM 167 Extra"]
[Source "ChessBase"]
[SourceDate "2015.09.14"]
[SourceVersion "1"]
[SourceVersionDate "2015.09.14"]
[SourceQuality "1"]

1. d4 d5 2. Nf3 Nf6 3. c4 dxc4 4. Nc3 Nc6 5. e4 Bg4 6. d5 Ne5 7. h3 Nxf3+ 8. gxf3 Bh5 9. Bxc4 a6 10. e5 Nd7 11. Qa4 c6 12. dxc6 Nb6 13. c7+ Qd7 14. Qxd7+ Nxd7 15. Bd5 Rc8 16. Bxb7 Rxc7 17. Bxa6 Bxf3 18. 0-0 Nxe5 19. Bf4 Rc5 20. Bxe5 Rxe5 21. Bb5+ Kd8 22. h4 e6 23. Rfe1 Rf5 24. Be2 Bb4 25. Red1+ Ke7 26. Bxf3 Rxf3 27. Kg2 Rf6 28. a4 Ra8 29. Nb5 Bc5 30. f3 Rf4 31. Rac1 Bb6 32. Rd6 Ba5 33. Rd4 Rxd4 1/2-1/2

[Event "BCF-ch U160"]
[Site "Coventry"]
[Date "2015.08.05"]
[Round "3"]
[White "Karia, Kamlesh"]
[Black "Stothard, David E"]
[Result "0-1"]
[WhiteElo "1712"]
[BlackElo "155"]
[PlyCount "74"]
[EventDate "2015.08.03"]
[EventType "swiss"]
[EventRounds "5"]
[EventCountry "ENG"]
[SourceTitle "CBM 167 Extra"]
[Source "ChessBase"]
[SourceDate "2015.09.14"]
[SourceVersion "1"]
[SourceVersionDate "2015.09.14"]
[SourceQuality "1"]

1. e4 d6 2. d4 Nf6 3. Nc3 g6 4. f4 Bg7 5. Nf3 0-0 6. Be3 c5 7. dxc5 Qa5 8. Bd3 dxc5 9. 0-0 Ng4 10. Qd2 Nxe3 11. Qxe3 Bg4 12. f5 Bxf3 13. Qxf3 Bxc3 14. bxc3 Nd7 15. Qg3 Qxc3 16. Rab1 b6 17. Qg5 c4 18. fxg6 hxg6 19. Rf3 cxd3 20. cxd3 Qc5+ 21. Qxc5 Nxc5 22. Rbf1 Rad8 23. Rd1 Nxe4 24. Re3 Nc3 25. Rd2 Nd5 26. Rg3 Rc8 27. h4 Nf6 28. Re2 e6 29. Re5 Rc5 30. d4 Rxe5 31. dxe5 Nd7 32. Rg5 Kg7 33. h5 Kh6 34. Rg3 Kxh5 35. Rh3+ Kg5 36. Ra3 a5 37. Rc3 Nxe5 0-1

[Event "BCF-ch U160"]
[Site "Coventry"]
[Date "2015.08.04"]
[Round "2"]
[White "Camp, Syringa Lyn"]
[Black "Stothard, David E"]
[Result "1-0"]
[WhiteElo "1680"]
[BlackElo "155"]
[PlyCount "25"]
[EventDate "2015.08.03"]
[EventType "swiss"]
[EventRounds "5"]
[EventCountry "ENG"]
[SourceTitle "CBM 167 Extra"]
[Source "ChessBase"]
[SourceDate "2015.09.14"]
[SourceVersion "1"]
[SourceVersionDate "2015.09.14"]
[SourceQuality "1"]

1. e4 d6 2. f4 g6 3. Nf3 Bg7 4. Nc3 e5 5. Bc4 Ne7 6. 0-0 exf4 7. d4 Bg4 8. Bxf7+ Kxf7 9. Ng5+ Kg8 10. Qxg4 Qd7 11. Qxf4 Bxd4+ 12. Kh1 Nbc6 13. Qf7# 1-0

[Event "BCF-ch Week2 PM op"]
[Site "Coventry"]
[Date "2015.08.04"]
[Round "2"]
[White "Watson, Jacob"]
[Black "Stothard, David E"]
[Result "1-0"]
[WhiteElo "1622"]
[BlackElo "1862"]
[PlyCount "77"]
[EventDate "2015.08.03"]
[EventType "swiss"]
[EventRounds "5"]
[EventCountry "ENG"]
[SourceTitle "CBM 167 Extra"]
[Source "ChessBase"]
[SourceDate "2015.09.14"]
[SourceVersion "1"]
[SourceVersionDate "2015.09.14"]
[SourceQuality "1"]

1. e4 e5 2. Nf3 Nc6 3. Bb5 a6 4. Ba4 Nf6 5. 0-0 b5 6. Bb3 Bc5 7. d3 0-0 8. Bg5 d6 9. Nc3 Be6 10. Nd5 Bxd5 11. Bxd5 Qd7 12. Bxf6 gxf6 13. Nh4 Ne7 14. Bxa8 Rxa8 15. Qf3 Qe6 16. Nf5 Kh8 17. Nxe7 Qxe7 18. Qf5 Rg8 19. Kh1 Rg5 20. Qc8+ Rg8 21. Qxa6 Qd7 22. f3 f5 23. a4 fxe4 24. fxe4 Qg4 25. g3 Qh3 26. Rf3 f5 27. exf5 Qg4 28. Raf1 e4 29. dxe4 Qxe4 30. Qxb5 Rf8 31. Qd3 Qxa4 32. Qc3+ Bd4 33. Qxc7 Be5 34. f6 Bxf6 35. Qxd6 Qe8 36. Rxf6 Qe4+ 37. Kg1 Qe3+ 38. R6f2 Rxf2 39. Rxf2 1-0

[Event "BCF-ch U160"]
[Site "Aberystwyth"]
[Date "2014.08.01"]
[Round "5"]
[White "Stothard, David E"]
[Black "Shaddick, John"]
[Result "1/2-1/2"]
[WhiteElo "150"]
[BlackElo "142"]
[PlyCount "33"]
[EventDate "2014.07.28"]
[EventType "swiss"]
[EventRounds "5"]
[EventCountry "WLS"]
[SourceTitle "EXT 2017"]
[Source "ChessBase"]
[SourceDate "2016.10.25"]
[SourceVersion "1"]
[SourceVersionDate "2016.10.25"]
[SourceQuality "1"]

1. d4 d5 2. Nf3 Nf6 3. c4 dxc4 4. Nc3 a6 5. a4 Bg4 6. e4 e6 7. Bg5 Be7 8. Bxc4 c6 9. Qb3 Qc7 10. Ne5 Bh5 11. Rc1 0-0 12. Bf4 Qa5 13. Bg5 b5 14. Bxe6 bxa4 15. Qc4 Bb4 16. Bf5 Qb5 17. Bxf6 1/2-1/2

[Event "BCF-ch U160"]
[Site "Aberystwyth"]
[Date "2014.07.31"]
[Round "4"]
[White "Friar, James P"]
[Black "Stothard, David E"]
[Result "1-0"]
[WhiteElo "155"]
[BlackElo "150"]
[PlyCount "93"]
[EventDate "2014.07.28"]
[EventType "swiss"]
[EventRounds "5"]
[EventCountry "WLS"]
[SourceTitle "EXT 2017"]
[Source "ChessBase"]
[SourceDate "2016.10.25"]
[SourceVersion "1"]
[SourceVersionDate "2016.10.25"]
[SourceQuality "1"]

1. d4 Nf6 2. Nc3 g6 3. e4 d6 4. Bg5 Bg7 5. Qd2 c5 6. dxc5 Qa5 7. cxd6 exd6 8. Bb5+ Nfd7 9. Nge2 0-0 10. 0-0 a6 11. Bxd7 Bxd7 12. Be7 Re8 13. Qxd6 Bb5 14. b4 Qa3 15. Nxb5 axb5 16. e5 Nc6 17. Bf6 Re6 18. Qd2 Bxf6 19. exf6 Rae8 20. c3 Rxf6 21. Ng3 Rd8 22. Qc2 Qa7 23. Rfd1 Rfd6 24. Rxd6 Rxd6 25. Re1 Qb8 26. a4 bxa4 27. Qxa4 b5 28. Qc2 Qd8 29. Ne4 Re6 30. Re3 f5 31. Nc5 Rxe3 32. fxe3 Qe7 33. Qd3 Ne5 34. Qxb5 Nf3+ 35. gxf3 Qxe3+ 36. Kg2 Qd2+ 37. Kg3 Qe1+ 38. Kh3 Qe3 39. Qb8+ Kg7 40. Qc7+ Kh6 41. Qg3 g5 42. f4 g4+ 43. Kg2 Qd2+ 44. Qf2 Qxc3 45. Qh4+ Kg7 46. Qe7+ Kg6 47. Qe6+ 1-0

[Event "BCF-ch U160"]
[Site "Aberystwyth"]
[Date "2014.07.28"]
[Round "1"]
[White "Stothard, David E"]
[Black "McHarg, Andrew"]
[Result "1-0"]
[WhiteElo "150"]
[BlackElo "133"]
[PlyCount "81"]
[EventDate "2014.07.28"]
[EventType "swiss"]
[EventRounds "5"]
[EventCountry "WLS"]
[SourceTitle "EXT 2017"]
[Source "ChessBase"]
[SourceDate "2016.10.25"]
[SourceVersion "1"]
[SourceVersionDate "2016.10.25"]
[SourceQuality "1"]

1. d4 d5 2. Nf3 Nf6 3. c4 e6 4. Bf4 Bb4+ 5. Nc3 0-0 6. e3 Ne4 7. Rc1 Nc6 8. Bd3 f5 9. 0-0 h6 10. cxd5 exd5 11. Nxd5 Bd6 12. Bxd6 cxd6 13. Bc4 Kh8 14. Nf4 Qf6 15. a3 Ne7 16. Bd5 g5 17. Nh5 Qg6 18. Bxe4 fxe4 19. Nd2 d5 20. Rc7 Qd6 21. Rc3 Be6 22. Ng3 g4 23. Qb3 b6 24. Rfc1 Bd7 25. Qb4 Qf6 26. Rf1 Rac8 27. Nh5 Qf7 28. Nf4 Nc6 29. Qd6 Nxd4 30. Qe5+ Qf6 31. Qxd5 Bb5 32. Nxe4 Qg7 33. exd4 Rxc3 34. Qxb5 Rxf4 35. Nxc3 Rxd4 36. Qe8+ Kh7 37. Re1 Rd7 38. Ne4 Rf7 39. Nd6 Rc7 40. Qe4+ Kh8 41. Ne8 1-0

[Event "IECC KO-2104"]
[Site "IECC email"]
[Date "2009.04.28"]
[Round "?"]
[White "Pfister, Bernard"]
[Black "Stothard, David E"]
[Result "0-1"]
[WhiteElo "1348"]
[BlackElo "1422"]
[PlyCount "26"]
[EventDate "2009.??.??"]
[EventType "match (corr)"]
[EventRounds "2"]
[SourceTitle "Corr 2013"]
[Source "ChessBase"]
[SourceDate "2012.11.12"]
[SourceVersion "1"]
[SourceVersionDate "2012.11.12"]
[SourceQuality "1"]
[WhiteTeam "US of America"]
[BlackTeam "Ireland"]
[WhiteTeamCountry "USA"]
[BlackTeamCountry "IRL"]

1. e4 e6 2. Nf3 d5 3. exd5 exd5 4. Bb5+ Bd7 5. Bxd7+ Nxd7 6. Qe2+ Be7 7. 0-0 Ngf6 8. Re1 Nb6 9. Nc3 Nbd7 10. d3 Nc5 11. Nd4 Qd7 12. Bg5 c6 13. Nf5 Ne6 0-1

[Event "IECC CL5-2009.02 email"]
[Site "IECC email"]
[Date "2009.02.15"]
[Round "?"]
[White "Du Plessis, Riaann"]
[Black "Stothard, David E"]
[Result "0-1"]
[WhiteElo "1584"]
[BlackElo "1446"]
[PlyCount "36"]
[EventDate "2009.??.??"]
[EventType "tourn (corr)"]
[EventRounds "4"]
[SourceTitle "Corr 2011"]
[Source "ChessBase"]
[SourceDate "2010.08.31"]
[SourceVersion "1"]
[SourceVersionDate "2010.08.31"]
[SourceQuality "1"]
[WhiteTeam "South Africa"]
[BlackTeam "England"]
[WhiteTeamCountry "RSA"]
[BlackTeamCountry "ENG"]

1. e4 c5 2. Nf3 e6 3. d4 cxd4 4. Nxd4 Nf6 5. Nc3 d6 6. g4 h6 7. h4 Nc6 8. Rg1 d5 9. Bb5 Bd7 10. exd5 exd5 11. g5 hxg5 12. hxg5 Ne4 13. Nxd5 Bc5 14. c3 Nxd4 15. Bxd7+ Qxd7 16. cxd4 Qxd5 17. Qa4+ Kf8 18. dxc5 Nxc5 0-1

[Event "IECC CL5-2009.02 email"]
[Site "IECC email"]
[Date "2009.02.15"]
[Round "?"]
[White "Jewell, Barry"]
[Black "Stothard, David E"]
[Result "1-0"]
[WhiteElo "1493"]
[BlackElo "1435"]
[PlyCount "81"]
[EventDate "2009.??.??"]
[EventType "tourn (corr)"]
[EventRounds "4"]
[SourceTitle "Corr 2011"]
[Source "ChessBase"]
[SourceDate "2010.08.31"]
[SourceVersion "1"]
[SourceVersionDate "2010.08.31"]
[SourceQuality "1"]
[WhiteTeam "Canada"]
[BlackTeam "England"]
[WhiteTeamCountry "CAN"]
[BlackTeamCountry "ENG"]

1. e4 c5 2. Nf3 e6 3. d4 cxd4 4. Nxd4 Nf6 5. Nc3 d6 6. Bc4 Be7 7. 0-0 0-0 8. Be3 a6 9. Bb3 Bd7 10. f4 Nc6 11. Qf3 Rc8 12. f5 Nxd4 13. Bxd4 Qc7 14. Nd5 Nxd5 15. exd5 e5 16. Be3 Bf6 17. c3 Rfe8 18. Qf2 Bb5 19. Bb6 Qd7 20. Rfd1 Ba4 21. Be3 Bxb3 22. axb3 Qe7 23. Rac1 Bg5 24. Qd2 Bxe3+ 25. Qxe3 Qc7 26. f6 Qc5 27. Qxc5 Rxc5 28. fxg7 Kxg7 29. Rd3 f5 30. c4 e4 31. Rg3+ Kf6 32. Rh3 Re7 33. Rh6+ Ke5 34. Kf2 Rcc7 35. g3 b5 36. Rc3 b4 37. Rc1 Rc5 38. Ra1 a5 39. Ke3 f4+ 40. gxf4+ Kf5 41. Rg1 1-0

[Event "IECC CL5-2009.02 email"]
[Site "IECC email"]
[Date "2009.02.15"]
[Round "?"]
[White "Stothard, David E"]
[Black "Gang, Chen"]
[Result "0-1"]
[WhiteElo "1458"]
[BlackElo "1443"]
[PlyCount "50"]
[EventDate "2009.??.??"]
[EventType "tourn (corr)"]
[EventRounds "4"]
[SourceTitle "Corr 2011"]
[Source "ChessBase"]
[SourceDate "2010.08.31"]
[SourceVersion "1"]
[SourceVersionDate "2010.08.31"]
[SourceQuality "1"]
[WhiteTeam "England"]
[BlackTeam "China"]
[WhiteTeamCountry "ENG"]
[BlackTeamCountry "CHN"]

1. d4 d5 2. Nf3 Nf6 3. e3 g6 4. b3 Bg7 5. Bb2 Nc6 6. Nbd2 0-0 7. Be2 Bf5 8. 0-0 Nd7 9. c4 e6 10. Re1 Nb4 11. Ba3 a5 12. Bxb4 axb4 13. Nf1 c5 14. Ng3 Be4 15. Nxe4 dxe4 16. Nd2 cxd4 17. exd4 Bxd4 18. Nxe4 Nf6 19. Nxf6+ Qxf6 20. Rf1 Bxa1 21. Qxa1 Qxa1 22. Rxa1 Rfd8 23. Bf3 Rd2 24. Bxb7 Raxa2 25. Rxa2 Rd1# 0-1

[Event "IECC CL5-2009.01 email"]
[Site "IECC email"]
[Date "2009.02.01"]
[Round "?"]
[White "D'Aragona, Vittoria"]
[Black "Stothard, David E"]
[Result "1-0"]
[WhiteElo "1405"]
[BlackElo "1454"]
[PlyCount "49"]
[EventDate "2009.??.??"]
[EventType "tourn (corr)"]
[EventRounds "4"]
[SourceTitle "Corr 2011"]
[Source "ChessBase"]
[SourceDate "2010.08.31"]
[SourceVersion "1"]
[SourceVersionDate "2010.08.31"]
[SourceQuality "1"]
[WhiteTeam "Italy"]
[BlackTeam "England"]
[WhiteTeamCountry "ITA"]
[BlackTeamCountry "ENG"]

1. e4 e6 2. d4 d5 3. Nc3 dxe4 4. Nxe4 Be7 5. Nf3 Nf6 6. Nxf6+ Bxf6 7. Bd3 c5 8. dxc5 Nd7 9. c6 bxc6 10. 0-0 0-0 11. Qe2 Nc5 12. Bc4 Qc7 13. c3 a5 14. Be3 Ne4 15. Qd3 Nd6 16. Bf4 Rd8 17. Rad1 Be7 18. Ng5 g6 19. Qg3 Ba6 20. Nxe6 Qc8 21. Nxd8 Bxc4 22. Bxd6 Bxd6 23. Qxd6 Bxf1 24. Kxf1 Qa6+ 25. Ke1 1-0

[Event "IECC CL5-2008.01 email"]
[Site "IECC email"]
[Date "2008.02.01"]
[Round "?"]
[White "Boyd, John Michael"]
[Black "Stothard, David E"]
[Result "1-0"]
[WhiteElo "1466"]
[BlackElo "1467"]
[PlyCount "65"]
[EventDate "2008.??.??"]
[EventType "tourn (corr)"]
[EventRounds "4"]
[SourceTitle "Corr 2013"]
[Source "ChessBase"]
[SourceDate "2012.11.12"]
[SourceVersion "1"]
[SourceVersionDate "2012.11.12"]
[SourceQuality "1"]
[WhiteTeam "Ireland"]
[BlackTeam "Italy"]
[WhiteTeamCountry "IRL"]
[BlackTeamCountry "ITA"]

1. Nf3 Nf6 2. c4 e6 3. g3 d5 4. Bg2 b6 5. b3 Bb7 6. 0-0 Be7 7. Bb2 0-0 8. e3 Nbd7 9. Nc3 c5 10. Qe2 Qc7 11. Rfc1 a6 12. d3 b5 13. cxb5 axb5 14. Nxb5 Qb6 15. Nc3 Bd6 16. Na4 Qb5 17. Qc2 Rfc8 18. Nc3 Qb6 19. Ne2 e5 20. Nd2 Ba6 21. Nf3 e4 22. dxe4 Nxe4 23. Nc3 Nef6 24. Nh4 Qa7 25. Nf5 Qc7 26. Nxd5 Nxd5 27. Bxd5 Rab8 28. Nxg7 Ne5 29. Ne6 Qe7 30. Qf5 Bd3 31. e4 Be2 32. Bxe5 Bxe5 33. Qxe5 1-0

[Event "IECC CL5-2008.01 email"]
[Site "IECC email"]
[Date "2008.02.01"]
[Round "?"]
[White "Schenkel, Daniel"]
[Black "Stothard, David E"]
[Result "1/2-1/2"]
[WhiteElo "1453"]
[BlackElo "1438"]
[PlyCount "77"]
[EventDate "2008.??.??"]
[EventType "tourn (corr)"]
[EventRounds "4"]
[SourceTitle "Corr 2013"]
[Source "ChessBase"]
[SourceDate "2012.11.12"]
[SourceVersion "1"]
[SourceVersionDate "2012.11.12"]
[SourceQuality "1"]
[WhiteTeam "Ireland"]
[BlackTeam "Italy"]
[WhiteTeamCountry "IRL"]
[BlackTeamCountry "ITA"]

1. f4 d5 2. Nf3 e6 3. e3 Nf6 4. Be2 b6 5. 0-0 Bb7 6. d3 Bc5 7. Ne5 Nbd7 8. Bf3 0-0 9. Qe1 Nxe5 10. fxe5 Nd7 11. d4 Be7 12. e4 dxe4 13. Bxe4 Bxe4 14. Qxe4 f6 15. exf6 Bxf6 16. Qxe6+ Kh8 17. Be3 c5 18. c3 cxd4 19. cxd4 Rc8 20. Nc3 Nb8 21. Rad1 Re8 22. Qh3 Nc6 23. d5 Ne5 24. Ne4 Nc4 25. Nxf6 gxf6 26. Bd4 Ne5 27. Bc3 Rc4 28. Qf5 Ng4 29. Qxg4 Rxg4 30. Bxf6+ Qxf6 31. Rxf6 Rge4 32. d6 Kg7 33. Rff1 Rd8 34. Rd2 Re6 35. Rfd1 Kf7 36. g3 Rd7 37. Kg2 Kf6 38. Kf3 Kg6 39. Kf4 1/2-1/2

[Event "IECC CL5-2008.01 email"]
[Site "IECC email"]
[Date "2008.02.01"]
[Round "?"]
[White "Stothard, David E"]
[Black "Seville, Gordon"]
[Result "0-1"]
[WhiteElo "1451"]
[BlackElo "1523"]
[PlyCount "62"]
[EventDate "2008.??.??"]
[EventType "tourn (corr)"]
[EventRounds "4"]
[SourceTitle "Corr 2013"]
[Source "ChessBase"]
[SourceDate "2012.11.12"]
[SourceVersion "1"]
[SourceVersionDate "2012.11.12"]
[SourceQuality "1"]
[WhiteTeam "Ireland"]
[BlackTeam "Italy"]
[WhiteTeamCountry "IRL"]
[BlackTeamCountry "ITA"]

1. e4 d6 2. d4 Nf6 3. Nc3 g6 4. Bg5 Bg7 5. Qd2 h6 6. Bf4 g5 7. Bg3 Nh5 8. 0-0-0 Nc6 9. Bb5 Bd7 10. Bxc6 Bxc6 11. d5 Nxg3 12. hxg3 Bd7 13. f4 e6 14. Nge2 Qe7 15. dxe6 fxe6 16. Nd4 0-0-0 17. a4 Rdf8 18. Ndb5 a6 19. Nd4 e5 20. Nde2 exf4 21. gxf4 Bg4 22. Rdf1 Bxe2 23. Nxe2 Qxe4 24. fxg5 Qxa4 25. Kb1 Qb5 26. Rxf8+ Rxf8 27. Nd4 Rf1+ 28. Rxf1 Qxf1+ 29. Ka2 hxg5 30. Qxg5 Bxd4 31. Qg4+ Kb8 0-1

[Event "IECC KO-2094"]
[Site "IECC email"]
[Date "2007.09.11"]
[Round "?"]
[White "Stothard, David E"]
[Black "Manis, Ronald"]
[Result "0-1"]
[WhiteElo "1481"]
[BlackElo "1403"]
[PlyCount "78"]
[EventDate "2007.??.??"]
[EventType "match (corr)"]
[EventRounds "2"]
[SourceTitle "Corr 2011"]
[Source "ChessBase"]
[SourceDate "2010.08.31"]
[SourceVersion "1"]
[SourceVersionDate "2010.08.31"]
[SourceQuality "1"]
[WhiteTeam "US of America"]
[BlackTeam "South Africa"]
[WhiteTeamCountry "USA"]
[BlackTeamCountry "RSA"]

1. e4 g6 2. d4 Bg7 3. Nc3 d6 4. Bg5 c6 5. f4 h6 6. Bh4 Qb6 7. Na4 Qxd4 8. Qxd4 Bxd4 9. Nf3 Bf6 10. Bf2 b5 11. Nc3 Bxc3+ 12. bxc3 Nf6 13. Bd3 Bg4 14. Nd4 e5 15. Ne2 Bxe2 16. Kxe2 exf4 17. Bd4 Nbd7 18. Rhf1 g5 19. g3 c5 20. Bxf6 Nxf6 21. Bxb5+ Ke7 22. gxf4 Rab8 23. Bc6 Nh5 24. f5 Rb2 25. Kd2 Rhb8 26. Bd5 R2b6 27. a4 Nf6 28. Rfe1 Nxd5 29. exd5+ Kf6 30. Rf1 c4 31. Ke3 Ke5 32. Rad1 Ra6 33. Rd4 Rxa4 34. f6 a5 35. h4 Rg8 36. hxg5 Rxg5 37. Rff4 Rg3+ 38. Kd2 Rg2+ 39. Kc1 Ra1+ 0-1

[Event "IECC CL5-2007.13 email"]
[Site "IECC email"]
[Date "2007.08.24"]
[Round "?"]
[White "Boyd, John Michael"]
[Black "Stothard, David E"]
[Result "1-0"]
[WhiteElo "1571"]
[BlackElo "1564"]
[PlyCount "29"]
[EventDate "2007.??.??"]
[EventType "tourn (corr)"]
[EventRounds "4"]
[SourceTitle "Corr 2015"]
[Source "ChessBase"]
[SourceDate "2015.07.17"]
[SourceVersion "1"]
[SourceVersionDate "2015.07.17"]
[SourceQuality "1"]
[WhiteTeam "Canada"]
[BlackTeam "England"]
[WhiteTeamCountry "CAN"]
[BlackTeamCountry "ENG"]

1. d4 d5 2. c4 e6 3. Nc3 Nf6 4. cxd5 exd5 5. Bg5 Be7 6. e3 0-0 7. Bd3 Nbd7 8. Nge2 b6 9. Ng3 Bb7 10. Nf5 h6 11. Nxh6+ gxh6 12. Bxh6 Re8 13. Qf3 Bd6 14. Qf5 Nf8 15. Qg5+ 1-0

[Event "IECC CL5-2007.13 email"]
[Site "IECC email"]
[Date "2007.08.24"]
[Round "?"]
[White "Stothard, David E"]
[Black "Kinna, Michael"]
[Result "0-1"]
[WhiteElo "1495"]
[BlackElo "1631"]
[PlyCount "82"]
[EventDate "2007.??.??"]
[EventType "tourn (corr)"]
[EventRounds "4"]
[SourceTitle "Corr 2011"]
[Source "ChessBase"]
[SourceDate "2010.08.31"]
[SourceVersion "1"]
[SourceVersionDate "2010.08.31"]
[SourceQuality "1"]
[WhiteTeam "Italy"]
[BlackTeam "Chile"]
[WhiteTeamCountry "ITA"]
[BlackTeamCountry "CHI"]

1. d4 Nf6 2. c4 e6 3. Nc3 Bb4 4. e3 0-0 5. a3 Bxc3+ 6. bxc3 b6 7. Bd3 Bb7 8. f3 d5 9. Ne2 c5 10. 0-0 Re8 11. Bb2 Nbd7 12. Qd2 Qc7 13. Ng3 dxc4 14. Bc2 Rad8 15. e4 e5 16. d5 h6 17. Nf5 Nh5 18. d6 Qb8 19. Ba4 a6 20. Ne7+ Kh8 21. Nc6 Bxc6 22. Bxc6 Re6 23. Bd5 Rxd6 24. g3 Ndf6 25. Rfd1 Nxd5 26. exd5 Rxd5 27. Qe2 Rxd1+ 28. Rxd1 Rxd1+ 29. Qxd1 Qb7 30. f4 Qe4 31. fxe5 Qxe5 32. Qd8+ Kh7 33. Qxb6 Nf6 34. Qb7 Qe1+ 35. Kg2 Qe2+ 36. Kh3 Ng4 37. Qxf7 Nf2+ 38. Kg2 Nd1+ 39. Kh3 Ne3 40. Qf4 Qg2+ 41. Kh4 Qxh2# 0-1